[Event "Oberliga Ost-B 2122"]
[Site "Germany"]
[Date "2022.07.02"]
[Round "6.5"]
[White "Wohlfart, Paulus"]
[Black "Ochs, Daniel Elias"]
[Result "1/2-1/2"]
[WhiteElo "2109"]
[BlackElo "2176"]
[PlyCount "45"]
[EventDate "2021.10.10"]
[EventType "team-tourn"]
[EventRounds "11"]
[EventCountry "GER"]
[SourceTitle "EXT 2023"]
[Source "ChessBase"]
[SourceDate "2022.10.05"]
[SourceVersion "1"]
[SourceVersionDate "2022.10.05"]
[SourceQuality "1"]
[WhiteTeam "Moerlenbach Birkenau"]
[BlackTeam "Wiesbaden"]
[WhiteTeamCountry "GER"]
[BlackTeamCountry "GER"]

1. d4 e6 2. c4 f5 3. g3 Nf6 4. Bg2 d5 5. Nf3 c6 6. 0-0 Bd6 7. b3 Qe7 8. Bb2 0-0 9. Qc1 b6 10. Ba3 Bb7 11. Bxd6 Qxd6 12. Qa3 Qxa3 13. Nxa3 a5 14. Rac1 Nbd7 15. Nc2 Ne4 16. Nce1 a4 17. b4 dxc4 18. Rxc4 c5 19. dxc5 bxc5 20. Nd3 Nb6 21. Rc2 cxb4 22. Nxb4 Nd5 23. Nd3 1/2-1/2

[Event "Oberliga Ost-B 2122"]
[Site "Germany"]
[Date "2021.10.10"]
[Round "1.6"]
[White "Wohlfart, Paulus"]
[Black "Rosenberger, Frank"]
[Result "1-0"]
[WhiteElo "2109"]
[BlackElo "2036"]
[PlyCount "53"]
[EventDate "2021.10.10"]
[EventType "team-tourn"]
[EventRounds "11"]
[EventCountry "GER"]
[SourceTitle "EXT 2023"]
[Source "ChessBase"]
[SourceDate "2022.10.05"]
[SourceVersion "1"]
[SourceVersionDate "2022.10.05"]
[SourceQuality "1"]
[WhiteTeam "Moerlenbach Birkenau"]
[BlackTeam "Gernsheim"]
[WhiteTeamCountry "GER"]
[BlackTeamCountry "GER"]

1. d4 d5 2. c4 e6 3. Nf3 c6 4. e3 Nf6 5. b3 Nbd7 6. Bb2 Ne4 7. Bd3 f5 8. 0-0 Bd6 9. Qc1 0-0 10. Ba3 Bxa3 11. Qxa3 Rf6 12. Nbd2 Rh6 13. Bxe4 fxe4 14. Ne5 Nxe5 15. dxe5 Qh4 16. h3 Bd7 17. Qd6 Be8 18. f3 Rd8 19. Qc7 Rd7 20. Qb8 Rd8 21. Qxb7 Bg6 22. fxe4 dxe4 23. Rf4 Qg3 24. Nf1 Qg5 25. Qxc6 Qxe5 26. Rd1 Rb8 27. Qd6 1-0

[Event "Oberliga Ost-B 1920"]
[Site "Germany"]
[Date "2019.12.07"]
[Round "4.8"]
[White "Bakiev, Diyor"]
[Black "Wohlfart, Paulus"]
[Result "1-0"]
[WhiteElo "2118"]
[BlackElo "2083"]
[PlyCount "65"]
[EventDate "2019.09.29"]
[EventType "team-tourn"]
[EventRounds "11"]
[EventCountry "GER"]
[SourceTitle "EXT 2021"]
[Source "ChessBase"]
[SourceDate "2020.10.23"]
[SourceVersion "1"]
[SourceVersionDate "2020.10.23"]
[SourceQuality "1"]
[WhiteTeam "Wiesbaden"]
[BlackTeam "Moerlenbach Birkenau"]
[WhiteTeamCountry "GER"]
[BlackTeamCountry "GER"]

1. e4 c5 2. c3 d6 3. d4 Nf6 4. Bd3 g6 5. Nf3 Bg7 6. 0-0 0-0 7. h3 Nc6 8. Re1 e5 9. dxc5 dxc5 10. Bg5 Be6 11. Na3 Qc7 12. Bxf6 Bxf6 13. Bc4 Rad8 14. Qe2 Qe7 15. Bxe6 Qxe6 16. Nc4 Bg7 17. Rad1 Ne7 18. b3 b5 19. Ne3 a6 20. c4 b4 21. Nd5 Nc6 22. Rd3 f5 23. Ng5 Qe8 24. Nc7 Qe7 25. Nge6 Nd4 26. Nxd4 Rxd4 27. Nd5 Qh4 28. Rxd4 cxd4 29. exf5 Rxf5 30. g3 Qd8 31. Nxb4 e4 32. Qxe4 Qa5 33. Nc6 1-0

[Event "Oberliga Ost-B 1617"]
[Site "Germany"]
[Date "2017.02.18"]
[Round "6.8"]
[White "Wohlfart, Paulus"]
[Black "Pruefert, Franziska"]
[Result "1-0"]
[WhiteElo "2111"]
[BlackElo "1747"]
[PlyCount "81"]
[EventDate "2016.10.16"]
[EventType "team-tourn"]
[EventRounds "11"]
[EventCountry "GER"]
[SourceTitle "EXT 2018"]
[Source "ChessBase"]
[SourceDate "2017.10.13"]
[SourceVersion "1"]
[SourceVersionDate "2017.10.13"]
[SourceQuality "1"]
[WhiteTeam "Moerlenbach Birkenau"]
[BlackTeam "Frankfurt Koenig Nied"]
[WhiteTeamCountry "GER"]
[BlackTeamCountry "GER"]

1. d4 d6 2. Nf3 g6 3. e4 Bg7 4. Nc3 Nf6 5. Bc4 0-0 6. Bb3 Nc6 7. h3 e5 8. Be3 Na5 9. 0-0 Nxb3 10. axb3 a6 11. dxe5 dxe5 12. Qxd8 Rxd8 13. Ra5 Nxe4 14. Nxe4 f5 15. Nc3 e4 16. Nd2 Be6 17. Rfa1 Rd7 18. f4 Rad8 19. Nf1 Bf6 20. Kf2 h6 21. Ke2 g5 22. Rd1 Kf7 23. Rxd7+ Rxd7 24. Nd2 Kg6 25. Ra1 c6 26. Na4 Bf7 27. Nc5 Re7 28. c3 gxf4 29. Bxf4 Bg5 30. g3 e3 31. Nf3 Bd5 32. c4 Bxf3+ 33. Kxf3 Bf6 34. Re1 a5 35. Rxe3 Rxe3+ 36. Kxe3 b5 37. Nd3 bxc4 38. bxc4 a4 39. Be5 Bg5+ 40. Kd4 Kf7 41. Nc5 1-0

[Event "Oberliga Ost-B 1516"]
[Site "Germany"]
[Date "2016.01.17"]
[Round "7.8"]
[White "Wohlfart, Paulus"]
[Black "Grienitz Dechau, Kai Oliver"]
[Result "1-0"]
[WhiteElo "2105"]
[BlackElo "1977"]
[PlyCount "95"]
[EventDate "2015.09.20"]
[EventType "team-tourn"]
[EventRounds "11"]
[EventCountry "GER"]
[SourceTitle "EXT 2017"]
[Source "ChessBase"]
[SourceDate "2016.10.25"]
[SourceVersion "1"]
[SourceVersionDate "2016.10.25"]
[SourceQuality "1"]
[WhiteTeam "Moerlenbach"]
[BlackTeam "Nied"]
[WhiteTeamCountry "GER"]
[BlackTeamCountry "GER"]

1. d4 d5 2. c4 Nc6 3. Nf3 Bg4 4. Nc3 Nf6 5. Bf4 e6 6. e3 Bd6 7. Bg3 0-0 8. Be2 Ne7 9. 0-0 dxc4 10. Bxc4 c5 11. dxc5 Bxc5 12. Qb3 Bxf3 13. gxf3 Qb6 14. Qxb6 Bxb6 15. Bd6 Rfe8 16. Bb5 Nc6 17. Bxc6 bxc6 18. Na4 Red8 19. Rfd1 Nd5 20. Bc5 Rab8 21. Rac1 Bxc5 22. Rxc5 Ne7 23. Rxd8+ Rxd8 24. Kf1 Rd5 25. Ke2 Kf8 26. Rc4 Ke8 27. Nc3 Rh5 28. Rb4 Ra5 29. Rb8+ Kd7 30. Rb7+ Ke8 31. a3 f5 32. f4 h6 33. a4 Nd5 34. Nxd5 cxd5 35. b3 g5 36. Kd3 gxf4 37. exf4 Ra6 38. Kd4 Rb6 39. Rxa7 Rb4+ 40. Ke5 Re4+ 41. Kf6 d4 42. a5 d3 43. Re7+ Kf8 44. Rd7 Ke8 45. Rxd3 Rxf4 46. a6 Rxf2 47. Rd4 Rc2 48. Rc4 1-0

[Event "Oberliga Ost-B 1516"]
[Site "Germany"]
[Date "2016.01.16"]
[Round "6.8"]
[White "Goebel, Andreas"]
[Black "Wohlfart, Paulus"]
[Result "1/2-1/2"]
[WhiteElo "1979"]
[BlackElo "2105"]
[PlyCount "151"]
[EventDate "2015.09.20"]
[EventType "team-tourn"]
[EventRounds "11"]
[EventCountry "GER"]
[SourceTitle "EXT 2017"]
[Source "ChessBase"]
[SourceDate "2016.10.25"]
[SourceVersion "1"]
[SourceVersionDate "2016.10.25"]
[SourceQuality "1"]
[WhiteTeam "Frankfurt BvK"]
[BlackTeam "Moerlenbach"]
[WhiteTeamCountry "GER"]
[BlackTeamCountry "GER"]

1. Nf3 f5 2. g3 Nf6 3. Bg2 g6 4. c4 Bg7 5. Nc3 0-0 6. 0-0 d6 7. d4 c6 8. b3 Na6 9. Bb2 Bd7 10. e3 Qe8 11. d5 h6 12. Nd4 Rc8 13. Rc1 Qf7 14. Qe2 Nc5 15. Rcd1 a5 16. dxc6 bxc6 17. f4 Nfe4 18. Rc1 Rb8 19. Nxe4 Nxe4 20. Nf3 c5 21. Bxg7 Qxg7 22. Qc2 a4 23. Rfd1 Rb4 24. Nd2 Nf6 25. Bf3 g5 26. Qc3 axb3 27. axb3 Rb6 28. Qa1 Bc6 29. Bxc6 Rxc6 30. Qc3 Qg6 31. Qd3 Rb6 32. Rf1 gxf4 33. Rxf4 Ng4 34. Rcf1 Qh5 35. h4 e6 36. e4 Ne5 37. Qe3 Rbb8 38. exf5 Rxf5 39. Rxf5 exf5 40. Nf3 Re8 41. Qf4 Qg6 42. Nxe5 Rxe5 43. Kg2 h5 44. Rf2 Kf7 45. Qf3 Ke6 46. Rd2 Qg4 47. Qd3 Qe4+ 48. Kf2 Qxd3 49. Rxd3 Re4 50. Kf3 Ke5 51. Rd5+ Ke6 52. Rd3 Rg4 53. Re3+ Kd7 54. Rd3 Ke6 55. Re3+ Kf6 56. Rd3 Ke5 57. Rd5+ Ke6 58. Rd3 f4 59. gxf4 Rxh4 60. Ke4 Rh1 61. f5+ Kd7 62. Rf3 Ke7 63. Kd5 Rd1+ 64. Kc6 Rd4 65. f6+ Kf7 66. Kb5 h4 67. b4 cxb4 68. Kxb4 d5 69. Kc5 Rxc4+ 70. Kxd5 Rg4 71. Ke5 Rg5+ 72. Kf4 Kxf6 73. Rh3 Ra5 74. Rxh4 Ra4+ 75. Kg3 Rxh4 76. Kxh4 1/2-1/2

[Event "Oberliga Ost-B 1516"]
[Site "Germany"]
[Date "2015.12.13"]
[Round "5.8"]
[White "Wiemers, Holger"]
[Black "Wohlfart, Paulus"]
[Result "1/2-1/2"]
[WhiteElo "1963"]
[BlackElo "2105"]
[PlyCount "59"]
[EventDate "2015.09.20"]
[EventType "team-tourn"]
[EventRounds "11"]
[EventCountry "GER"]
[SourceTitle "EXT 2017"]
[Source "ChessBase"]
[SourceDate "2016.10.25"]
[SourceVersion "1"]
[SourceVersionDate "2016.10.25"]
[SourceQuality "1"]
[WhiteTeam "Erfurt Empor"]
[BlackTeam "Moerlenbach"]
[WhiteTeamCountry "GER"]
[BlackTeamCountry "GER"]

1. d4 f5 2. Nc3 Nf6 3. Bg5 d5 4. Bxf6 exf6 5. e3 Be6 6. Bd3 Nc6 7. a3 Qd7 8. Qf3 0-0-0 9. Nge2 Kb8 10. Nf4 Bf7 11. Bb5 Qd6 12. Nd3 Ne7 13. Nc5 g5 14. g3 h5 15. Bd3 Bg6 16. h4 f4 17. Nb5 Qc6 18. exf4 gxf4 19. 0-0-0 Nf5 20. g4 Ne3 21. fxe3 hxg4 22. Qxg4 Bxd3 23. Rxd3 Bxc5 24. dxc5 Qxb5 25. Qxf4 Qxc5 26. Qxf6 Qc4 27. b3 Qe4 28. Rh2 Qg4 29. Qf4 Qg7 30. Kd2 1/2-1/2

[Event "Oberliga Ost-B 1314"]
[Site "Germany"]
[Date "2013.11.24"]
[Round "4.6"]
[White "Schmuck, Helmut"]
[Black "Wohlfart, Paulus"]
[Result "1/2-1/2"]
[WhiteElo "2104"]
[BlackElo "2155"]
[PlyCount "149"]
[EventDate "2013.10.13"]
[EventType "team-tourn"]
[EventRounds "11"]
[EventCountry "GER"]
[SourceTitle "EXT 2015"]
[Source "ChessBase"]
[SourceDate "2014.11.20"]
[SourceVersion "1"]
[SourceVersionDate "2014.11.20"]
[SourceQuality "1"]
[WhiteTeam "Erfurt Empor"]
[BlackTeam "Moerlenbach"]
[WhiteTeamCountry "GER"]
[BlackTeamCountry "GER"]

1. d4 f5 2. c4 Nf6 3. Nc3 d6 4. d5 g6 5. g3 Bg7 6. Bg2 0-0 7. Nh3 Na6 8. Nf4 e5 9. dxe6 c6 10. 0-0 Nc5 11. Rb1 g5 12. Nd3 Nce4 13. Nxe4 fxe4 14. Ne1 h6 15. b3 Bxe6 16. Ba3 c5 17. f3 Qe7 18. Bb2 d5 19. Bxf6 Qxf6 20. cxd5 Qd4+ 21. Qxd4 Bxd4+ 22. Kh1 Bxd5 23. Nc2 exf3 24. Bxf3 Bxf3+ 25. Rxf3 Bg7 26. Rd1 Rae8 27. Rxf8+ Kxf8 28. e3 Ke7 29. Kg2 Rf8 30. Rd5 b6 31. e4 Rc8 32. Ne3 Ke6 33. a4 a6 34. Nc4 b5 35. axb5 axb5 36. Nd6 Rb8 37. Nf5 Bf8 38. Kf3 Ra8 39. Kg4 Ra3 40. Rd8 Kf7 41. e5 Rxb3 42. e6+ Kxe6 43. Rxf8 Rb2 44. Rc8 Rb4+ 45. Kh5 Kxf5 46. Rxc5+ Ke4 47. Kxh6 g4 48. Kg5 Kf3 49. Rc2 Rc4 50. Rb2 b4 51. Kh4 Ke3 52. h3 gxh3+ 53. Kxh3 Kd3 54. g4 Kc3 55. Rb1 b3 56. Kh4 Kc2 57. Rxb3 Kxb3 58. Kh5 Rc1 59. g5 Rh1+ 60. Kg6 Kc4 61. Kf7 Rf1+ 62. Ke6 Rg1 63. Kf6 Rf1+ 64. Ke6 Re1+ 65. Kf7 Rf1+ 66. Ke6 Rg1 67. Kf6 Kd5 68. g6 Rf1+ 69. Ke7 Re1+ 70. Kf7 Kd6 71. g7 Rf1+ 72. Ke8 Rg1 73. Kf7 Kd7 74. g8Q Rxg8 75. Kxg8 1/2-1/2

[Event "GER Liga Q Server-21 email"]
[Site "GER email"]
[Date "2013.04.28"]
[Round "?"]
[White "Wohlfart, Paulus"]
[Black "Maly, Wolfgang"]
[Result "1-0"]
[WhiteElo "2217"]
[BlackElo "1678"]
[PlyCount "29"]
[EventDate "2013.05.03"]
[EventType "tourn (corr)"]
[EventRounds "6"]
[EventCountry "GER"]
[SourceTitle "Corr 2015"]
[Source "ChessBase"]
[SourceDate "2015.07.17"]
[SourceVersion "1"]
[SourceVersionDate "2015.07.17"]
[SourceQuality "1"]

1. d4 Nc6 2. d5 Ne5 3. e4 d6 4. f4 Ng6 5. Nf3 f5 6. e5 e6 7. c4 dxe5 8. fxe5 Bc5 9. Nc3 N8e7 10. h4 Rf8 11. h5 Nh8 12. Qb3 Bd7 13. h6 g6 14. dxe6 Bxe6 15. Qb5+ 1-0